Vista normal
Vista MARC
Entrada Personal Name
Número de registros utilizados en: 1
001 - CONTROL NUMBER
- control field: 37433
003 - CONTROL NUMBER IDENTIFIER
- control field: OSt
005 - DATE AND TIME OF LATEST TRANSACTION
- control field: 20210505133040.0
008 - FIXED-LENGTH DATA ELEMENTS
- fixed length control field: 210505|| aca||aabn | a|a d
040 ## - CATALOGING SOURCE
- Original cataloging agency: OSt
- Transcribing agency: OSt
100 ## - HEADING--PERSONAL NAME
- Personal name: Leal, Aníbal
670 ## - SOURCE DATA FOUND
- Source citation: Work cat.: (OSt)11655: Thurow, Lester, autor 26072, La guerra del siglo XXI / , 1992.